00368cam a22000977a 4500008004000000082001700040245010900057260005000166300000900216700004500225180718b1971 xxu||||| |||| 00| 0 eng d aK235x42 Un3s aSalary tables: showing monthly and daily rates for salariescby Civil Service Department, United Kingdom aLondonbHer Majesty's Stationery Officec1971 a18p. aUnited Kingdom. Civil Service Department